Normal view
MARC view
Entry Personal Name
001 - CONTROL NUMBER
- control field: 36095
003 - CONTROL NUMBER IDENTIFIER
- control field: dpl
005 - DATE AND TIME OF LATEST TRANSACTION
- control field: 20111123110950.0
008 - FIXED-LENGTH DATA ELEMENTS
- fixed length control field: 111123|||a|||||| | ||| d
040 ## - CATALOGING SOURCE
- Original cataloging agency: dpl
- Transcribing agency: dpl
100 ## - HEADING--PERSONAL NAME
- Personal name: Menon, Geeta
670 ## - SOURCE DATA FOUND
- Source citation: Work cat.: (dpl)21724: illustrated by Prithvishwar Gayen 36094, Indian folk tales /, 2008 (repr.)
670 ## - SOURCE DATA FOUND
- Source citation: Work cat.: (dpl)21724: illustrated by Prithvishwar Gayen 36094, Indian folk tales /, 2008 (repr.)
